Movie Character Blitz Quiz Stats

 Plays Quiz Updated Oct 5, 2017

Challenge
Share
Tweet
Score 0/16 Timer 01:00
9 Plays Today
% Correct
Indiana Jones
96.1%
Batman
95.9%
E.T.
95.9%
Jack Sparrow
95.6%
Darth Vader
95.6%
Forrest Gump
95.5%
Rocky Balboa
94.5%
Dorothy Gale
93.2%
% Correct
Marty McFly
92.1%
Regina George
90.6%
Ferris Bueller
90.5%
John McClane
85.3%
Ellen Ripley
82.2%
Tyler Durden
76.6%
Travis Bickle
75.2%
Jules Winnfield
70.8%

You're not logged in!

Compare scores with friends on all Sporcle quizzes.
Join for Free
OR
Log In

You Might Also Like...

Show Comments

Extras

Top Quizzes Today


Score Distribution

Your Account Isn't Verified!

In order to create a playlist on Sporcle, you need to verify the email address you used during registration. Go to your Sporcle Settings to finish the process.

Report this User

Report this user for behavior that violates our Community Guidelines.

Details: